[Event "TCh-GEO Club 2014"]
[Site "Ureki GEO"]
[Date "2014.09.30"]
[Round "4.3"]
[White "Licheli, Luka"]
[Black "Keleptrishvili, Irakli"]
[Result "0-1"]
[WhiteElo "1925"]
[BlackElo "2168"]
[WhiteTeam "Chess Club Gori"]
[BlackTeam "Chess Club Kakheti"]
[WhiteFideId "13602500"]
[BlackFideId "13605801"]
[EventDate "2014.09.27"]

1. e4 c5 2. b3 Nc6 3. Bb2 Nf6 4. e5 Nd5 5. Nf3 Nf4 6. g3 Ne6 7. Bg2 g6 8. O-O
Bg7 9. Na3 d6 10. Re1 Rb8 11. Rb1 O-O 12. exd6 exd6 13. Bxg7 Kxg7 14. c4 Ned4
15. Nxd4 Nxd4 16. Rc1 Bf5 17. Rc3 Qf6 18. Rce3 h5 19. h3 a6 20. d3 b5 21. cxb5
axb5 22. Nc2 Nxc2 23. Qxc2 Qd4 24. Kh2 d5 25. Qd1 Be6 26. Bf1 Ra8 27. Qc2 Ra5
28. Rb1 Rfa8 29. Rb2 b4 30. Re1 h4 31. Bg2 hxg3+ 32. fxg3 Bf5 33. Qd2 R8a7 34.
Rd1 Re7 35. g4 Bxd3 36. Qc1 c4 37. bxc4 dxc4 38. Rbd2 Rea7 39. Re1 Qf4+ 40. Kh1
Rxa2 41. Rxa2 Qxc1 42. Rxc1 Rxa2 43. Bd5 b3 0-1

[Event "TCh-GEO Club 2014"]
[Site "Ureki GEO"]
[Date "2014.09.30"]
[Round "4.4"]
[White "Azaladze, Shota"]
[Black "Jobava, Baadur"]
[Result "1/2-1/2"]
[WhiteTitle "IM"]
[BlackTitle "GM"]
[WhiteElo "2498"]
[BlackElo "2708"]
[WhiteTeam "Chess Club Kutaisi"]
[BlackTeam "Chess Club Tbilisi"]
[WhiteFideId "13603027"]
[BlackFideId "13601520"]
[EventDate "2014.09.27"]

1. Nf3 Nf6 2. g3 g6 3. Bg2 Bg7 4. O-O O-O 5. c4 d6 6. Nc3 e5 7. d4 Nbd7 8. h3
Re8 9. e4 exd4 10. Nxd4 Nc5 11. Re1 a5 12. b3 b6 13. Bb2 Bb7 14. Qc2 Nfd7 15.
Rad1 f5 16. f4 Qc8 17. Kh2 fxe4 18. Nxe4 Nxe4 19. Bxe4 Bxe4 20. Rxe4 Nc5 21.
Rxe8+ Qxe8 22. Nb5 Qd7 23. Bxg7 Kxg7 24. Re1 d5 25. Qe2 c6 26. Qe5+ Kg8 27. Nc7
Nd3 28. Qe3 Qxc7 29. Qxd3 Rd8 30. cxd5 cxd5 31. f5 Qf7 32. Re5 d4 33. Kg2 Kg7
34. fxg6 hxg6 35. Re2 Qd5+ 36. Qf3 Qd7 37. Rf2 Qe7 38. Re2 Qd6 39. Qd3 Rd7 40.
Rd2 Qd5+ 41. Qf3 Qc5 42. Qd3 b5 43. Rc2 Qd5+ 44. Qf3 Qe5 45. Rf2 Qd6 46. Qd3 b4
47. Rd2 Qc6+ 48. Qf3 Qc3 49. Rf2 Kh7 50. Qf8 Qc6+ 51. Kg1 Qe6 52. Rf4 g5 53. Rf6
Qe1+ 54. Kg2 Qe4+ 55. Kf2 Qc2+ 56. Kf3 Rg7 57. Qd6 Qd3+ 58. Kf2 Qe3+ 59. Kf1 g4
60. hxg4 Qd3+ 1/2-1/2

[Event "TCh-GEO Club 2014"]
[Site "Ureki GEO"]
[Date "2014.09.30"]
[Round "4.4"]
[White "Mchedlishvili, Mikheil"]
[Black "Managadze, Nikoloz"]
[Result "1-0"]
[WhiteTitle "GM"]
[BlackTitle "IM"]
[WhiteElo "2603"]
[BlackElo "2458"]
[WhiteTeam "Chess Club Tbilisi"]
[BlackTeam "Chess Club Kutaisi"]
[WhiteFideId "13600966"]
[BlackFideId "13600575"]
[EventDate "2014.09.27"]

1. e4 c5 2. Nf3 d6 3. d4 cxd4 4. Qxd4 Nc6 5. Bb5 Bd7 6. Qd3 g6 7. c4 Bg7 8. O-O
Nf6 9. Nc3 O-O 10. Bxc6 Bxc6 11. Nd4 Qb6 12. Nxc6 bxc6 13. b3 Rad8 14. Be3 Qb7
15. Rad1 Ng4 16. Bg5 Ne5 17. Qd2 Rfe8 18. Kh1 Nd7 19. Bh6 Bf6 20. Be3 Bg7 21.
Na4 Nb6 22. Nxb6 axb6 23. a4 c5 24. f3 Qc6 25. Rfe1 Rd7 26. Bf2 Red8 27. Bh4 Bd4
28. f4 Bf6 29. Qf2 Re8 30. Rd3 Bd4 31. Qg3 Qc8 32. Bg5 Bg7 33. f5 f6 34. Bc1 g5
35. Qg4 Rf8 36. Rh3 Qe8 37. Qd1 e6 38. g4 Qf7 39. fxe6 Qxe6 40. Rhe3 Re8 41. Bb2
Qf7 42. Ba1 Qe6 43. Kg2 Qf7 44. h3 Qe6 45. Bc3 Qf7 46. Rd3 Re6 47. Qf3 Rde7 48.
Qf5 Qe8 49. Rde3 Qa8 50. Kf2 Re8 51. R1e2 Qb7 52. Ke1 Qa8 53. Kd2 Qb7 54. Kd3
Kh8 55. Qd5 Qc8 56. Kc2 Qc7 57. Rd3 Qc8 58. Qf5 Qb7 59. Rd5 Qe7 60. Qf3 Kg8 61.
Qd3 Qc7 62. Qf3 Qe7 63. Rd3 Qb7 64. Rde3 Qa8 65. Qf5 Kh8 66. Kd3 Qb7 67. h4 Qe7
68. Kc2 h6 69. Kd3 Kg8 70. Qd5 Kh8 71. Kc2 Qd7 72. Rh2 Qe7 73. Rhe2 Qc7 74. Qf5
Kg8 75. Kd3 Qe7 76. Re1 Qb7 77. R3e2 Qa8 78. Rf1 Qb7 79. Qd5 Qe7 80. Ref2 Rf8
81. hxg5 hxg5 82. Rh1 Rf7 83. Ra2 Qd7 84. Rah2 Re8 85. Rg2 Kf8 86. Rh7 Rfe7 87.
Rxg7 Rxg7 88. Bxf6 Rf7 89. Qxg5 Re6 90. Rf2 Ke8 91. Qg6 d5 92. cxd5 Rd6 93. g5
Qh3+ 94. Kc2 c4 95. bxc4 Qa3 96. Qxf7+ 1-0

[Event "TCh-GEO Club 2014"]
[Site "Ureki GEO"]
[Date "2014.09.30"]
[Round "4.4"]
[White "Javakhadze, Zurab"]
[Black "Shanava, Konstantine"]
[Result "1-0"]
[WhiteTitle "IM"]
[BlackTitle "GM"]
[WhiteElo "2423"]
[BlackElo "2550"]
[WhiteTeam "Chess Club Kutaisi"]
[BlackTeam "Chess Club Tbilisi"]
[WhiteFideId "13603647"]
[BlackFideId "13601784"]
[EventDate "2014.09.27"]

1. d4 Nf6 2. Nf3 d5 3. c4 c6 4. Nc3 dxc4 5. a4 Bf5 6. Ne5 Nbd7 7. Nxc4 Nb6 8.
Ne5 a5 9. f3 Nfd7 10. Nxd7 Nxd7 11. e4 Bg6 12. Be3 Qb6 13. Qd2 e5 14. Rd1 O-O-O
15. d5 Bc5 16. Bf2 f5 17. exf5 Bxf5 18. Bc4 e4 19. Bxc5 Qxc5 20. Qd4 Qxd4 21.
Rxd4 exf3 22. gxf3 Nb6 23. Kf2 Rhf8 24. Rg1 g6 25. Ba2 Rf6 26. Kg3 Rdf8 27. dxc6
bxc6 28. Re1 Bd7 29. Rd3 g5 30. Re7 Rh6 31. Ne4 Rh3+ 32. Kg2 Rh6 33. Nd6+ Kd8
34. Rg7 Rg6 35. Rxh7 g4 36. Nf7+ Kc8 37. f4 Bf5 38. Rd2 Nd5 39. Bxd5 cxd5 40.
Ne5 Rb6 41. Ra7 Be4+ 42. Kg3 Rb3+ 43. Kxg4 Rg8+ 44. Kh4 Rg1 45. Rxa5 Rb6 46.
Rc5+ Kb7 47. Rb5 Rxb5 48. axb5 Kb6 49. Ng4 Kxb5 50. Kg5 Kc5 51. f5 Kd6 52. Rf2
Ke7 53. f6+ Kf7 54. Kh4 Rc1 55. Ne5+ Kf8 56. f7 Rc7 57. Kg5 Re7 58. Kf6 Rb7 59.
Rf4 Rb6+ 60. Kg5 Rd6 61. Rh4 Kg7 62. Rh8 1-0

[Event "TCh-GEO Club 2014"]
[Site "Ureki GEO"]
[Date "2014.09.30"]
[Round "4.4"]
[White "Gvetadze, Sofio"]
[Black "Arabidze, Meri"]
[Result "1/2-1/2"]
[WhiteTitle "IM"]
[BlackTitle "IM"]
[WhiteElo "2361"]
[BlackElo "2411"]
[WhiteTeam "Chess Club Tbilisi"]
[BlackTeam "Chess Club Kutaisi"]
[WhiteFideId "13601440"]
[BlackFideId "13604040"]
[EventDate "2014.09.27"]

1. e4 e5 2. Nf3 Nc6 3. Bc4 Nf6 4. d3 Bc5 5. c3 d6 6. Nbd2 Ne7 7. Nf1 Ng6 8. Ng3
O-O 9. O-O Bb6 10. Be3 c6 11. Bb3 d5 12. Bxb6 axb6 13. exd5 Nxd5 14. Re1 Bg4 15.
h3 Bxf3 16. Qxf3 Ndf4 17. Rad1 Nh4 18. Qg4 Nfxg2 19. Rxe5 Ra5 20. d4 Kh8 21. Qe4
Qd7 22. Re7 Qd6 23. Re8 Ra8 24. Rxa8 Rxa8 25. d5 c5 26. Bc4 Nf4 27. Bf1 g5 28.
Kh1 h6 29. c4 Nfg6 30. Re1 Qf6 31. Re2 Rxa2 32. Nh5 Qf3+ 33. Qxf3 Nxf3 34. Re8+
Kh7 35. Nf6+ Kg7 36. Nh5+ Kh7 37. Nf6+ Kg7 38. Nh5+ Kh7 39. Nf6+ Kg7 40. Nh5+ 1/2-1/2

[Event "TCh-GEO Club 2014"]
[Site "Ureki GEO"]
[Date "2014.09.30"]
[Round "4.4"]
[White "Tutisani, Noe"]
[Black "Khomeriki, Nino"]
[Result "1-0"]
[BlackTitle "WFM"]
[WhiteElo "2259"]
[BlackElo "2158"]
[WhiteTeam "Chess Club Kutaisi"]
[BlackTeam "Chess Club Tbilisi"]
[WhiteFideId "13602853"]
[BlackFideId "13603191"]
[EventDate "2014.09.27"]

1. e4 e6 2. f4 d5 3. e5 c5 4. Nf3 Nc6 5. c3 Nh6 6. Na3 Bd7 7. Nc2 Qb6 8. d4 cxd4
9. cxd4 Rc8 10. Be2 Nf5 11. g4 Nb4 12. Nxb4 Bxb4+ 13. Kf2 Nh6 14. Rg1 Qa5 15. a3
Be7 16. Bd3 f5 17. exf6 gxf6 18. g5 Nf7 19. Qe2 fxg5 20. fxg5 Kd8 21. Bf4 Qb6
22. Kg2 Bd6 23. Ne5 Nxe5 24. Bxe5 Bxe5 25. Qxe5 Qxb2+ 26. Kh1 Rf8 27. Raf1 Qxa3
28. Bxh7 Rxf1 29. Rxf1 Rc1 30. Qf6+ Kc8 31. Bd3 Rxf1+ 32. Bxf1 Qe3 33. g6 Qe4+
34. Kg1 Qe3+ 35. Kg2 Qe4+ 36. Kf2 Qf5+ 37. Qxf5 exf5 38. Bb5 Be6 39. Kf3 Kd8 40.
Kf4 Ke7 41. Ke5 f4 42. h4 Bg4 43. Kxf4 Bd1 44. Kg5 a5 45. h5 Kf8 46. h6 Kg8 47.
Bd7 a4 48. Be6+ 1-0

[Event "TCh-GEO Club 2014"]
[Site "Ureki GEO"]
[Date "2014.10.01"]
[Round "5.1"]
[White "Jobava, Baadur"]
[Black "Gelashvili, Tamaz"]
[Result "1/2-1/2"]
[WhiteTitle "GM"]
[BlackTitle "GM"]
[WhiteElo "2708"]
[BlackElo "2565"]
[WhiteTeam "Chess Club Tbilisi"]
[BlackTeam "Chess Club Rustavi"]
[WhiteFideId "13601520"]
[BlackFideId "13600702"]
[EventDate "2014.09.27"]

1. d4 Nf6 2. Nc3 d6 3. e4 e5 4. dxe5 dxe5 5. Qxd8+ Kxd8 6. Bg5 Be6 7. O-O-O+ Kc8
8. Nge2 Bc5 9. f3 Nbd7 10. h4 h6 11. Bd2 h5 12. Ng1 Ne8 13. Nh3 f6 14. Be2 a6
15. Kb1 c6 16. Be1 b5 17. Nf2 Kc7 18. Nd3 1/2-1/2

[Event "TCh-GEO Club 2014"]
[Site "Ureki GEO"]
[Date "2014.10.01"]
[Round "5.1"]
[White "Pantsulaia, Levan"]
[Black "Mchedlishvili, Mikheil"]
[Result "0-1"]
[WhiteTitle "GM"]
[BlackTitle "GM"]
[WhiteElo "2590"]
[BlackElo "2603"]
[WhiteTeam "Chess Club Rustavi"]
[BlackTeam "Chess Club Tbilisi"]
[WhiteFideId "13602071"]
[BlackFideId "13600966"]
[EventDate "2014.09.27"]

1. Nf3 c5 2. c4 Nf6 3. g3 d5 4. Bg2 Nc6 5. cxd5 Nxd5 6. Nc3 g6 7. Qa4 Bg7 8. Qc4
Ndb4 9. O-O Qa5 10. a3 Be6 11. axb4 Qxa1 12. Qxc5 Rc8 13. Qe3 O-O 14. Ng5 Bb3
15. b5 Nd4 16. Nf3 Nf5 17. Qe4 a6 18. g4 Nd6 19. Qxe7 Nxb5 20. Qxb7 Rfe8 21. g5
Qa5 22. Qd7 Be6 23. Qb7 Bc4 24. Nxb5 Qxb5 25. Qxb5 Bxb5 26. d3 Rxe2 27. Be3 Rxb2
28. Rd1 a5 29. d4 a4 30. Ra1 a3 31. Ne5 a2 32. Be4 Bxe5 33. dxe5 Rc4 0-1

[Event "TCh-GEO Club 2014"]
[Site "Ureki GEO"]
[Date "2014.10.01"]
[Round "5.1"]
[White "Shanava, Konstantine"]
[Black "Paichadze, Luka"]
[Result "1/2-1/2"]
[WhiteTitle "GM"]
[BlackTitle "GM"]
[WhiteElo "2550"]
[BlackElo "2543"]
[WhiteTeam "Chess Club Tbilisi"]
[BlackTeam "Chess Club Rustavi"]
[WhiteFideId "13601784"]
[BlackFideId "13602934"]
[EventDate "2014.09.27"]

1. e4 c6 2. Nc3 g6 3. d4 d5 4. Nf3 Bg7 5. h3 dxe4 6. Nxe4 Nd7 7. Bc4 Ngf6 8.
Nxf6+ Nxf6 9. O-O O-O 10. Re1 Nd5 11. Bb3 Bf5 12. Bg5 Re8 13. Qd2 a5 14. a4 Qb6
15. Re2 Be6 16. Qe1 Kh8 17. Rxe6 fxe6 18. Qxe6 Rf8 19. Rd1 Qc7 20. c3 Qd6 21.
Bxd5 cxd5 22. Qxd6 exd6 23. Be7 Rfe8 24. Bxd6 Ra6 25. Be5 Rb6 26. Rd2 Kg8 27.
Bxg7 Kxg7 28. Ne5 Rb3 29. Nd3 b5 30. axb5 Rxb5 31. f3 a4 32. Kf2 Ra8 33. Nb4 Kf7
34. Re2 Re8 35. Rd2 Rc8 36. Na2 Ke6 37. Ke2 a3 38. bxa3 Rb3 39. a4 Ra8 40. Rc2
Rxa4 41. Nc1 Rb1 42. Nd3 Kd6 43. Ke3 Ra3 44. Ne5 Rba1 45. g3 R3a2 46. Rxa2 Rxa2
47. c4 g5 48. cxd5 Kxd5 49. Nf7 Ra3+ 50. Kf2 Kxd4 51. g4 Ra5 52. Nh6 Ke5 53. Kg3
Ra3 54. Nf7+ Kf6 55. Nd6 h6 56. Ne4+ Ke5 57. Nf2 Kd4 58. Ne4 Ke3 59. h4 gxh4+
60. Kxh4 Kxf3 61. Nf6 Kf4 62. Ng8 Ra6 63. Kh5 Ra5+ 64. Kxh6 Kxg4 65. Kg6 Ra6+
66. Kf7 Kg5 67. Ne7 Ra7 68. Ke6 Rxe7+ 69. Kxe7 1/2-1/2

[Event "TCh-GEO Club 2014"]
[Site "Ureki GEO"]
[Date "2014.10.01"]
[Round "5.1"]
[White "Khurtsidze, Nino"]
[Black "Gvetadze, Sofio"]
[Result "1-0"]
[WhiteTitle "IM"]
[BlackTitle "IM"]
[WhiteElo "2467"]
[BlackElo "2361"]
[WhiteTeam "Chess Club Rustavi"]
[BlackTeam "Chess Club Tbilisi"]
[WhiteFideId "13600320"]
[BlackFideId "13601440"]
[EventDate "2014.09.27"]

1. d4 d5 2. c4 e6 3. Nc3 Nf6 4. Nf3 c6 5. e3 Nbd7 6. Bd3 a6 7. O-O b5 8. b3 Bb7
9. Qc2 Rc8 10. e4 b4 11. Na4 dxe4 12. Bxe4 Nxe4 13. Qxe4 Be7 14. a3 Ba8 15. axb4
c5 16. Qe2 Bxf3 17. Qxf3 cxd4 18. Bd2 O-O 19. Nb2 Ne5 20. Qe4 Nc6 21. Nd3 Qb6
22. Ra4 Rfd8 23. Rfa1 Nb8 24. c5 Qb5 25. Ra5 Qd7 26. Bf4 f5 27. Qe2 Bf6 28. Bxb8
Rxb8 29. f4 Rxb4 30. c6 Qd6 31. c7 Qxc7 32. Nxb4 d3 33. Qxe6+ Kf8 34. Rxf5 Qa7+
35. Kh1 Qd4 36. Rd1 d2 37. Nc6 Qa1 38. Rxf6+ gxf6 39. Qe7+ 1-0

[Event "TCh-GEO Club 2014"]
[Site "Ureki GEO"]
[Date "2014.10.01"]
[Round "5.1"]
[White "Khomeriki, Nino"]
[Black "Beradze, Irakli"]
[Result "0-1"]
[WhiteTitle "WFM"]
[WhiteElo "2158"]
[BlackElo "2326"]
[WhiteTeam "Chess Club Tbilisi"]
[BlackTeam "Chess Club Rustavi"]
[WhiteFideId "13603191"]
[BlackFideId "13604597"]
[EventDate "2014.09.27"]

1. Nf3 Nf6 2. g3 b5 3. Bg2 Bb7 4. O-O e6 5. b3 c5 6. c4 b4 7. Bb2 Be7 8. d4 cxd4
9. Nxd4 Bxg2 10. Kxg2 Nc6 11. e3 O-O 12. Nd2 Qb6 13. f4 Rfd8 14. Qf3 a5 15. g4
Nxd4 16. Bxd4 Qc6 17. e4 d5 18. exd5 exd5 19. Rae1 Bf8 20. g5 Ne8 21. Rc1 Ra6
22. cxd5 Qxd5 23. Qxd5 Rxd5 24. Nf3 Nd6 25. Rfe1 Ra8 26. Re5 Rxe5 27. Bxe5 Nb5
28. Rc6 a4 29. h4 axb3 30. axb3 Rd8 31. h5 Nd6 32. Nd4 Ne4 33. Kf3 Nc5 34. Kg4
Nd3 35. Nf3 Nf2+ 36. Kg3 Ne4+ 37. Kg2 Rd3 38. Rc4 Re3 39. Nd4 f6 40. gxf6 gxf6
41. Nf5 Re1 42. Bd4 Kf7 43. Rc6 h6 44. Ra6 Rb1 45. Nh4 Rxb3 46. f5 Bd6 47. Ra7+
Ke8 48. Nf3 Ng5 49. Ra8+ Kd7 50. Ra7+ Kc6 51. Ne1 Rg3+ 52. Kf2 Rg4 53. Be3 Rh4
54. Ke2 Rxh5 55. Kd3 Rh3 56. Ra6+ Kc7 57. Kd4 Be5+ 58. Kd3 b3 59. Ng2 b2 60. Kc2
Rh2 61. Ra7+ Kb8 62. Ra5 Rxg2+ 63. Kb1 Ne4 64. Rb5+ Kc8 0-1

[Event "TCh-GEO Club 2014"]
[Site "Ureki GEO"]
[Date "2014.10.01"]
[Round "5.2"]
[White "Fier, Alexandr"]
[Black "Azaladze, Shota"]
[Result "0-1"]
[WhiteTitle "GM"]
[BlackTitle "IM"]
[WhiteElo "2579"]
[BlackElo "2498"]
[WhiteTeam "Chess Club Kakheti"]
[BlackTeam "Chess Club Kutaisi"]
[WhiteFideId "2107139"]
[BlackFideId "13603027"]
[EventDate "2014.09.27"]

1. d4 Nf6 2. c4 g6 3. Nc3 c5 4. d5 Bg7 5. e4 O-O 6. Be2 e6 7. e5 Ne8 8. Nf3 d6
9. O-O exd5 10. Bg5 Qd7 11. Qxd5 Nc6 12. exd6 Qxd6 13. Ne4 Qc7 14. Qxc5 Bxb2 15.
Bh6 Bg7 16. Bxg7 Kxg7 17. Qa3 Qe7 18. Qb2+ f6 19. Nc3 Qb4 20. Qxb4 Nxb4 21. Nd4
Na6 22. Bf3 Nd6 23. Rfe1 Nxc4 24. Re7+ Kh8 25. Rd1 Ne5 26. Bd5 Nc5 27. Ne4 Nxe4
28. Bxe4 Rd8 29. Bc2 Bg4 30. f3 Rac8 31. Bb3 Rd7 32. Rxd7 Bxd7 33. f4 Bg4 34.
Rd2 Nc4 35. Rd3 Na5 36. Be6 Bxe6 37. Nxe6 Re8 38. Nc7 Re7 39. Rd8+ Kg7 40. Ne8+
Kf7 41. Nd6+ Ke6 42. Nc8 Rc7 43. Nxa7 Rc1+ 44. Kf2 Rc2+ 45. Kf3 Rxa2 46. Nb5 Rb2
47. Nd4+ Ke7 48. Rh8 h5 49. f5 g5 50. Rxh5 Nc4 51. Rh8 Kd6 52. Ke4 Rxg2 53. Rh6
Rg4+ 54. Kd3 Kd5 55. Ne2 Ke5 56. Rh7 Nd6 57. Re7+ Kxf5 58. Nd4+ Kg6 59. Rd7 Nf7
60. Rxb7 Ne5+ 61. Ke3 Rh4 62. Ne6 Rxh2 63. Nd4 Rh3+ 64. Kf2 Rd3 65. Ne2 Ra3 66.
Rb6 Ng4+ 67. Kg2 Ra2 68. Kf1 Ne3+ 69. Ke1 Nc4 70. Re6 Ne5 71. Kf1 g4 72. Re8 Kg5
73. Rg8+ Ng6 74. Nc3 Ra1+ 75. Kf2 f5 76. Nd5 Ra7 77. Kg3 Ra3+ 78. Kf2 Ra5 79.
Ne3 Ra2+ 80. Kg1 Kf6 81. Rb8 Nh4 82. Rg8 Ng6 83. Rb8 Re2 84. Rb3 Nf4 85. Kf1 g3
86. Nd5+ Ke5 87. Nxf4 Rf2+ 88. Kg1 Kxf4 89. Rb4+ Kg5 90. Rb8 Ra2 91. Rg8+ Kf4
92. Rb8 Kf3 93. Rb3+ Kg4 94. Rb4+ Kh3 95. Rb1 f4 96. Rc1 f3 0-1

[Event "TCh-GEO Club 2014"]
[Site "Ureki GEO"]
[Date "2014.10.01"]
[Round "5.2"]
[White "Managadze, Nikoloz"]
[Black "Gagunashvili, Merab"]
[Result "1/2-1/2"]
[WhiteTitle "IM"]
[BlackTitle "GM"]
[WhiteElo "2458"]
[BlackElo "2573"]
[WhiteTeam "Chess Club Kutaisi"]
[BlackTeam "Chess Club Kakheti"]
[WhiteFideId "13600575"]
[BlackFideId "13601652"]
[EventDate "2014.09.27"]

1. e4 d6 2. d4 Nf6 3. Nc3 g6 4. Nf3 Bg7 5. Be2 O-O 6. O-O Bg4 7. Be3 Nc6 8. h3
Bxf3 9. Bxf3 e5 10. dxe5 dxe5 11. Ne2 Qe7 12. c3 Nd8 13. Qc2 Ne6 14. Rfd1 h5 15.
Ng3 Kh7 16. Nf1 c6 17. b4 Bh6 18. Bxh6 Kxh6 19. g3 h4 20. Bg2 Kg7 21. Qd2 Rh8
22. g4 Nf4 23. Qe3 Qe6 24. Nh2 Qc4 25. Bf1 Qxe4 26. g5 Qxe3 27. gxf6+ Kxf6 28.
Ng4+ Ke6 29. fxe3 Nd5 30. Bc4 e4 31. Rd4 f5 32. Nh2 b5 33. Bb3 Ke5 34. Kf2 a5
35. bxa5 Rxa5 36. Rg1 Rha8 37. Rd2 Kf6 38. Rc1 Ke5 39. Rg1 Kf6 40. Rgd1 Nxc3 41.
Rd6+ Kg7 42. Rg1 Rxa2+ 43. Bxa2 Rxa2+ 44. Kf1 Rxh2 45. Rgxg6+ Kf7 46. Rh6 Rh1+
47. Kg2 Rd1 48. Rxc6 Rd2+ 49. Kf1 Rd1+ 1/2-1/2

[Event "TCh-GEO Club 2014"]
[Site "Ureki GEO"]
[Date "2014.10.01"]
[Round "5.2"]
[White "Khotenashvili, Bela"]
[Black "Javakhadze, Zurab"]
[Result "1-0"]
[WhiteTitle "GM"]
[BlackTitle "IM"]
[WhiteElo "2507"]
[BlackElo "2423"]
[WhiteTeam "Chess Club Kakheti"]
[BlackTeam "Chess Club Kutaisi"]
[WhiteFideId "13602640"]
[BlackFideId "13603647"]
[EventDate "2014.09.27"]

1. d4 g6 2. c4 Bg7 3. Nf3 c5 4. d5 d6 5. e4 e6 6. Nc3 Ne7 7. Be2 h6 8. dxe6 Bxe6
9. Bf4 Nc8 10. Qd2 Nc6 11. Rd1 g5 12. Bg3 g4 13. Nh4 Nd4 14. O-O Ne7 15. Nb5 Be5
16. Nxd4 Bxd4 17. b4 Nc6 18. Nf5 Bxf5 19. exf5 h5 20. Rfe1 Kf8 21. b5 Ne5 22.
Bf4 Qf6 23. Be3 Bxe3 24. Qxe3 Re8 25. Qd2 Qxf5 26. Qxd6+ Kg7 27. Rd5 Nxc4 28.
Qxc5 Re5 29. Red1 Rxd5 30. Rxd5 Qb1+ 31. Rd1 1-0

[Event "TCh-GEO Club 2014"]
[Site "Ureki GEO"]
[Date "2014.10.01"]
[Round "5.2"]
[White "Arabidze, Meri"]
[Black "Javakhishvili, Lela"]
[Result "1/2-1/2"]
[WhiteTitle "IM"]
[BlackTitle "IM"]
[WhiteElo "2411"]
[BlackElo "2476"]
[WhiteTeam "Chess Club Kutaisi"]
[BlackTeam "Chess Club Kakheti"]
[WhiteFideId "13604040"]
[BlackFideId "13601458"]
[EventDate "2014.09.27"]

1. c4 Nf6 2. Nf3 e6 3. g3 a6 4. Bg2 b5 5. b3 d5 6. cxd5 Nxd5 7. Bb2 Bb7 8. O-O
Nd7 9. Re1 N5f6 10. d4 c5 11. Nbd2 cxd4 12. Nxd4 Bxg2 13. Kxg2 Qb6 14. a4 Qb7+
15. Kg1 bxa4 16. Rxa4 Nb6 17. Ra1 Bb4 18. Nc2 Be7 19. e4 O-O 20. e5 Nfd7 21. Ba3
Bxa3 22. Nxa3 Rfd8 23. Qc2 Rac8 24. Nac4 Nxc4 25. Nxc4 Nb6 26. Re4 Nxc4 27. Rxc4
g6 28. Rc1 Rxc4 29. Qxc4 Qd5 30. Qxa6 Qxb3 1/2-1/2

[Event "TCh-GEO Club 2014"]
[Site "Ureki GEO"]
[Date "2014.10.01"]
[Round "5.2"]
[White "Keleptrishvili, Irakli"]
[Black "Tutisani, Noe"]
[Result "1/2-1/2"]
[WhiteElo "2168"]
[BlackElo "2259"]
[WhiteTeam "Chess Club Kakheti"]
[BlackTeam "Chess Club Kutaisi"]
[WhiteFideId "13605801"]
[BlackFideId "13602853"]
[EventDate "2014.09.27"]

1. e4 d6 2. d4 Nf6 3. Nc3 g6 4. g3 Bg7 5. Bg2 O-O 6. Nge2 Nbd7 7. h3 c5 8. Be3
cxd4 9. Bxd4 Nb6 10. Qd3 e5 11. Be3 Be6 12. Rd1 Rc8 13. b3 d5 14. exd5 Bf5 15.
Qd2 h5 16. O-O Qd7 17. Kh2 Rfe8 18. a4 Rcd8 19. a5 Nc8 20. Na4 Kh7 21. c4 Nd6
22. Bxa7 Nxc4 23. bxc4 Qxa4 24. Bb6 Rd7 25. c5 Ne4 26. Qc1 Bh6 27. Qb2 Qc4 28.
d6 Nxc5 29. Bxc5 Qxc5 30. Bxb7 Rb8 31. a6 Be4 32. Qc3 Qxc3 33. Nxc3 Bxb7 34.
axb7 Rbxb7 35. Ne4 Rd8 36. Rd5 Bf8 37. Rxe5 Bxd6 38. Nxd6 1/2-1/2

[Event "TCh-GEO Club 2014"]
[Site "Ureki GEO"]
[Date "2014.10.01"]
[Round "5.3"]
[White "Nigalidze, Gaioz"]
[Black "Morchiashvili, Bachana"]
[Result "1-0"]
[WhiteTitle "GM"]
[BlackTitle "IM"]
[WhiteElo "2538"]
[BlackElo "2327"]
[WhiteTeam "Chess Club Nona (Adjara)"]
[BlackTeam "Chess Club Gori"]
[WhiteFideId "13603078"]
[BlackFideId "13602535"]
[EventDate "2014.09.27"]

1. Nf3 Nf6 2. c4 g6 3. Nc3 Bg7 4. e4 d6 5. d4 O-O 6. h3 e5 7. d5 a5 8. Bd3 Na6
9. O-O Nh5 10. a3 Bd7 11. Bc2 Qe8 12. Rb1 Nc5 13. Be3 b6 14. b4 axb4 15. axb4
Na4 16. Bxa4 Bxa4 17. Qd3 Bd7 18. c5 Nf4 19. Qc2 f5 20. Ra1 fxe4 21. Ng5 Rxa1
22. Rxa1 bxc5 23. bxc5 Qe7 24. Ngxe4 Qh4 25. cxd6 cxd6 26. f3 Bh6 27. Qf2 Nxh3+
28. gxh3 Bxe3 29. Qxe3 Qxh3 30. Qe2 Rxf3 31. Qg2 Rxc3 32. Qxh3 Rxh3 33. Nf6+ Kf7
34. Nxd7 Rd3 35. Ra7 Rd2 36. Nb6+ Kf6 37. Rd7 e4 38. Rxd6+ Kf5 39. Rd8 e3 40.
Kf1 Ke4 41. d6 Rf2+ 42. Ke1 Kd3 43. d7 Rb2 44. Kf1 Rb1+ 45. Kg2 Rxb6 46. Re8 Rd6
47. d8=Q Rxd8 48. Rxd8+ Ke2 49. Rh8 h5 50. Rg8 h4 51. Rxg6 h3+ 52. Kxh3 Kf1 53.
Kh2 e2 54. Rf6+ Ke1 55. Kg2 Kd1 56. Rd6+ Ke1 57. Ra6 Kd2 58. Ra2+ 1-0

[Event "TCh-GEO Club 2014"]
[Site "Ureki GEO"]
[Date "2014.10.01"]
[Round "5.3"]
[White "Khakhutashvili, Alexandre"]
[Black "Jojua, Davit"]
[Result "0-1"]
[BlackTitle "GM"]
[WhiteElo "1809"]
[BlackElo "2571"]
[WhiteTeam "Chess Club Gori"]
[BlackTeam "Chess Club Nona (Adjara)"]
[WhiteFideId "13605313"]
[BlackFideId "13602543"]
[EventDate "2014.09.27"]

1. e4 g6 2. d4 Bg7 3. Nc3 d6 4. f4 a6 5. a4 Nf6 6. Nf3 O-O 7. Be2 c5 8. dxc5 Qa5
9. Bd3 Qxc5 10. Qe2 Nc6 11. h3 Nh5 12. Be3 Bxc3+ 13. bxc3 Qxc3+ 14. Kf2 e5 15.
fxe5 Nxe5 16. g4 Ng7 17. Bd4 Qc7 18. Kg2 Bd7 19. a5 Bc6 20. Qe3 f6 21. Nxe5 fxe5
22. Bb6 Qe7 23. c4 Ne6 24. Kg3 Rf4 25. Rhf1 Raf8 26. Qe2 Ng5 27. Be3 Bxe4 28.
Bxf4 exf4+ 29. Kh2 Qe5 0-1

[Event "TCh-GEO Club 2014"]
[Site "Ureki GEO"]
[Date "2014.10.01"]
[Round "5.3"]
[White "Batsiashvili, Nino"]
[Black "Dotiashvili, Vasil"]
[Result "1-0"]
[WhiteTitle "IM"]
[WhiteElo "2426"]
[BlackElo "1800"]
[WhiteTeam "Chess Club Nona (Adjara)"]
[BlackTeam "Chess Club Gori"]
[WhiteFideId "13602993"]
[BlackFideId "13606085"]
[EventDate "2014.09.27"]

1. d4 d5 2. c4 c6 3. Nf3 Nf6 4. e3 Bg4 5. Nc3 e6 6. h3 Bh5 7. g4 Bg6 8. Ne5 Nbd7
9. Nxg6 hxg6 10. cxd5 exd5 11. g5 Nh7 12. f4 Bd6 13. Bd3 Qe7 14. Qg4 Nhf8 15.
Bd2 O-O-O 16. O-O-O Ne6 17. h4 Kb8 18. Kb1 Ka8 19. Rhe1 Nb6 20. e4 dxe4 21. Bxe4
Qd7 22. d5 cxd5 23. Nxd5 Nxd5 24. Bxd5 Nxf4 25. Bxb7+ Qxb7 26. Bxf4 Bxf4 27.
Qxf4 Rxd1+ 28. Rxd1 Rc8 29. a3 Qc6 30. Ka1 Qc4 31. Qf3+ Kb8 32. Rd3 Re8 33. Rb3+
Kc7 34. Qg3+ Kd7 35. Rb7+ Kd8 36. Qd6+ 1-0